| 000 | 02029nam a2200241Ii 4500 | ||
|---|---|---|---|
| 003 | JO-AjNU | ||
| 005 | 20240623115726.0 | ||
| 008 | 230605s9999||||xx |||||||||||||| ||und|| | ||
| 040 |
_aJO-AjNU _bara _erda _cJO-AjNU |
||
| 041 | _aara | ||
| 100 | 1 |
_aمسعود، باباعدون _964643 _eمعد |
|
| 245 |
_a استخدام مؤشرات CAMELS في بناء نموذج رياضي باستخدام التحليل التمييزي للتنبؤ بتعثر الشركات الصناعية الأردنية : دراسة تطبيقية = Using CAMELS Indicators in Bulding Mathematical Model Using Discrimiant Analysis to Predict Financial distress of Joordanian Industrial Firms : An Empirical Study / _cاعداد باباعدون مسعود ؛ اشراف محمود حسن قاقيش |
||
| 260 | _c2018 | ||
| 300 | _a113ورقة | ||
| 336 |
_atext _btxt _2rdacontent |
||
| 337 |
_aunmediated _bn _2rdamedia |
||
| 338 |
_avolume _bnc _2rdacarrier |
||
| 500 | _a رسالة جامعية (ماجستير) .- جامعة اليرموك (إربد ، الأردن)، كلية الاقتصاد والعلوم الادارية، قسم المحاسبة، 2018. ببليوجرافيا : صفحة 107-119. ملاحق : صفحة 120-127. | ||
| 504 | _aرسالة جامعية (ماجستير) .- جامعة اليرموك (إربد ، الأردن)، كلية الاقتصاد والعلوم الادارية، قسم المحاسبة، 2018. ببليوجرافيا : صفحة 81 - 89. ملاحق : صفحة 90 - 114. النسخة الإلكترونية متاحه في قاعدة بيانات المكتبة العربية الرقمية -جامعة اليرموك يتضمن ملخصا باللغتين العربية والإنجليزية النص باللغة العربية، المستخلص باللغة الإنجليزية. | ||
| 650 | 0 |
_aشركات الصناعية - الشركات المساهمة - محاسبة - ادارة - الاردن _964644 |
|
| 700 | 1 |
_aقاقيش، محمود حسن _964645 |
|
| 942 |
_2lcc _cTHS |
||
| 999 |
_c32964 _d32964 |
||